000 01827nam a2200301Ia 4500
003 PE SENCICO BE
005 20251020182430.0
008 200515s9999 xx 000 0 und d
020 _a978-84-939618-7-9
040 _aPE SENCICO BE
_cPE SENCICO BE
041 _aspa
082 _a658.562
_bA14
100 1 _aAbril Sánchez, Cristina
_92511
_eautor
245 1 0 _aGuía para la integración de sistemas de gestión :
_bcalidad, medio ambiente y seguridad y salud en el trabajo /
_cCristina Abril Sánchez, Antonio Enríquez Palomino, José Manuel Sánchez Rivero
250 _a2a ed.
260 _aMadrid :
_bFundación Confemetal ;
_c[2012]
300 _a296 p. :
_btbl., graf. ;
_c23 cm.
505 0 _aLa integración del sistema de gestión: antecedentes y situación actual -- El sistema de gestión de la calidad -- El sistema de gestión ambiental -- El sistema de gestión de la seguridad y salud en el trabajo -- Teoría sobre integración de sistemas de gestión: calidad, medio ambiente y seguridad y salud laboral -- Modelo de sistema integrado -- Fases del proceso de implantación de un sistema de gestión integrado.
520 _aSe trata de no sólo de explicar los aspectos fundamentales de cada uno de los tres sistemas (calidad, medio ambiente y seguridad y salud en el trabajo) sino como se lleva a cabo la integración de los mismos, paso a paso y poner ejemplos prácticos que sirvan de modelo a aquéllos que se embarcan en este reto. El sistema integrado ...
650 1 0 _aGestión de calidad
_9486
650 2 0 _aMedio ambiente
_92292
650 2 0 _aSalud ocupacional
_9581
650 2 0 _aGestión ambiental
_92290
650 2 0 _aSeguridad industrial
_996
700 1 _92512
_aEnríquez Palomino, Antonio
_eautor
700 1 _92513
_aSánchez Rivero, José Manuel
_eautor
942 _cLIB
_2ddc
999 _c218
_d218